000 00281nam a2200121Ia 4500
008 231129s9999||||xx |||||||||||||| ||spa||
040 _bspa
082 _aCo861 o13o
100 _aObregon Carlos
245 0 _aObra poetica (1929 -1963)
264 _aProcultura
942 _2ddc
_cBKS
999 _c21987
_d21987